01067nam a22002657a 4500003000900000008004100009040007100050082001900121110005100140245005200191260003800243300002900281505028300310650001200593650000900605650001500614650001300629650001200642650001200654700002700666700002500693700002400718700002200742700003700764AR-CdUCM190322b ||||| |||| 00| 0 spa d aMUNICIPALIDAD PROVINCIAL DEL CUSCOcBIBLIOTECA MUNICIPAL DEL CUSCO a985.008 /bB52 aBiblioteca de Cultura Peruana Contemporánea. aBiblioteca de Cultura Peruana Contemporánea / aLima :bEdiciones del Sol,c1963. a12 volúmenes ;b21 cm. aContenido: v.1 : Sociologia -- v.2: Derecho II -- v.3: Derecho III -- v4 : Geografia del Peru -- v.5 Historia del Perú I-- v.6: Historia del Perú II -- v.7: Historia del Perú III -- v.8: Poesía -- V.9 Pedagogia -- v.10: Cuentos I -- v.11: Cuentos II -- v.12: Ensayos. aDerecho aArte aLiteratura aHistoria aCuentos aEnsayos aGarcía Rada, Domingo aPacheco Velez, Casar aRatto, Luis Alberto aNuñez, Estuardo aGuillermo Llosa, Jorge (autores)